Statistics for 11 Soccer Positions

Click here to take the quiz!

General Stats

  • This quiz has been taken 207 times
    (196 since last reset)
  • The average score is 5 of 11

Answer Stats

HintAnswer% Correct
DefenseCB
83%
DefenseGK
61%
MidfieldCAM
53%
MidfieldRM
45%
MidfieldLM
42%
DefenseLCB
41%
MidfieldRCM
41%
DefenseRCB
39%
MidfieldLCM
37%
AttackLS
21%
AttackRS
19%

Score Distribution

Percentile by Number Answered

Percent of People with Each Score

Your Score History

You have not taken this quiz since the last reset